000 00722nam a2200205 i 4500
001 73989
003 ES-MaACL
005 20250811063139.0
007 t|
008 040914s1968 sp ||||1| spa d
100 1 _aGonzález-Valado, José Luis,
_d1933-
_9165214
245 1 0 _aEncuentros con Pablo VI /
_cJosé Luis González ; prólogo de J.L. Martín Descalzo ; epílogo del Padre Arias.
260 _a[Bilbao] :
_bEdiciones Paulinas,
_c[1968]
300 _aXVI, 259 p., 8 lám. ;
_c21 cm.
600 1 4 _aPablo
_bVI
_cPapa, Santo.
_9168351
700 1 _aMartín Descalzo, José Luis,
_d1930-1991
_977470
700 0 _aArias, Juan.
_922751
852 _aES-MaACL
_jC-36097
_bR.68343
999 _c73989
_d73989